Non-Flying Pokémon with Fly - Statistics

General Stats
  • This quiz has been taken 81 times
  • The average score is 19 of 24
Answer Stats
# Type Pokémon % Correct
151 Psychic Mew
95%
25 Electric Pikachu
95%
330 Ground Dragon Flygon
89%
487 Ghost Dragon Giratina
87%
646 Dragon Ice Kyurem
85%
637 Bug Fire Volcarona
85%
644 Dragon Electric Zekrom
85%
380 Dragon Psychic Latias
84%
381 Dragon Psychic Latios
84%
643 Dragon Fire Reshiram
84%
329 Ground Dragon Vibrava
84%
780 Normal Dragon Drampa
82%
635 Dark Dragon Hydreigon
82%
623 Ground Ghost Golurk
80%
738 Bug Electric Vikavolt
80%
887 Dragon Ghost Dragapult
79%
649 Bug Steel Genesect
75%
890 Poison Dragon Eternatus
72%
841 Grass Dragon Flapple
72%
804 Poison Dragon Naganadel
72%
1005 Dragon Dark Roaring Moon
69%
785 Electric Fairy Tapu Koko
69%
792 Psychic Ghost Lunala
67%
1016 Poison Fairy Fezandipiti
66%
No matching quizzes found
Score Distribution
Percent of People with Each Score
Percentile by Number Answered
Your Score History
You have not taken this quiz